Fr. Conceicao Rodrigues College of Engineering

Motor Vehicle Calculations & Science I (Record no. 32389)

MARC details
000 -LEADER
fixed length control field 00306nam a2200133Ia 4500
082 ## - DEWEY DECIMAL CLASSIFICATION NUMBER
Classification number 629.2
100 ## - MAIN ENTRY--PERSONAL NAME
Personal name Champion & Arnold
245 ## - TITLE STATEMENT
Title Motor Vehicle Calculations & Science I
260 ## - PUBLICATION, DISTRIBUTION, ETC.
Name of publisher, distributor, etc. Edward Arnold (pub) Ltd.
Date of publication, distribution, etc. 2001
300 ## - PHYSICAL DESCRIPTION
Extent 260
546 ## - LANGUAGE NOTE
Language note ENGLISH
654 ## - SUBJECT ADDED ENTRY--FACETED TOPICAL TERMS
Focus term Calculatios
942 ## - ADDED ENTRY ELEMENTS (KOHA)
Koha item type BOOK
Holdings
Withdrawn status Lost status Damaged status Not for loan Collection Home library Current library Date acquired Cost, normal purchase price Inventory number Total Checkouts Full call number Barcode Date last seen Cost, replacement price Price effective from Koha item type
        AFT Fr. Agnel's C.Rodrigues College of Engineering Fr. Agnel's C.Rodrigues College of Engineering 17/03/2023 16.00 1299   629.2 AFT924 17/03/2023 16.00 17/03/2023 BOOK